Narratives of identity and place / (Record no. 353169)
[ view plain ]
| 000 -LEADER | |
|---|---|
| fixed length control field | 01313 a2200277 4500 |
| 003 - CONTROL NUMBER IDENTIFIER | |
| control field | OSt |
| 005 - DATE AND TIME OF LATEST TRANSACTION | |
| control field | 20180116192357.0 |
| 008 - FIXED-LENGTH DATA ELEMENTS--GENERAL INFORMATION | |
| fixed length control field | 120606t xxu||||| |||| 00| 0 eng d |
| 010 ## - LIBRARY OF CONGRESS CONTROL NUMBER | |
| LC control number | 2009021556 |
| 020 ## - INTERNATIONAL STANDARD BOOK NUMBER | |
| International Standard Book Number | 9780415480475 (hbk.) |
| 040 ## - CATALOGING SOURCE | |
| Transcribing agency | 0 |
| 082 00 - DEWEY DECIMAL CLASSIFICATION NUMBER | |
| Classification number | 305.301 |
| 100 1# - MAIN ENTRY--PERSONAL NAME | |
| Personal name | Taylor, Stephanie, |
| 9 (RLIN) | 4159 |
| 245 10 - TITLE STATEMENT | |
| Title | Narratives of identity and place / |
| Statement of responsibility, etc. | Stephanie Taylor. |
| 260 ## - PUBLICATION, DISTRIBUTION, ETC. | |
| Place of publication, distribution, etc. | Hove, East Sussex ; |
| -- | New York, NY : |
| Name of publisher, distributor, etc. | Routledge, |
| Date of publication, distribution, etc. | 2010. |
| 300 ## - PHYSICAL DESCRIPTION | |
| Extent | p. cm. |
| 505 0# - FORMATTED CONTENTS NOTE | |
| Formatted contents note | The meanings of place for identity -- Narrative in a contemporary identity project -- Place, gender and identity -- Places I remember: memory and continuity in a life narrative -- A place for the future? Trouble in identity work -- New identities of place? Opportunity, choice and personalisation -- Places of my own: residence and nationality in one woman's identity -- Conclusion. |
| 650 #0 - SUBJECT ADDED ENTRY--TOPICAL TERM | |
| Topical term or geographic name entry element | Group identity. |
| 9 (RLIN) | 4160 |
| 650 #0 - SUBJECT ADDED ENTRY--TOPICAL TERM | |
| Topical term or geographic name entry element | Women |
| General subdivision | Identity. |
| 9 (RLIN) | 4161 |
| 650 #0 - SUBJECT ADDED ENTRY--TOPICAL TERM | |
| Topical term or geographic name entry element | Place (Philosophy) |
| General subdivision | Psychological aspects. |
| 9 (RLIN) | 4162 |
| 650 #0 - SUBJECT ADDED ENTRY--TOPICAL TERM | |
| Topical term or geographic name entry element | Place attachment |
| General subdivision | Psychological aspects. |
| 9 (RLIN) | 4163 |
| 650 #0 - SUBJECT ADDED ENTRY--TOPICAL TERM | |
| Topical term or geographic name entry element | Discourse analysis, Narrative |
| General subdivision | Psychological aspects. |
| 9 (RLIN) | 4164 |
| 650 #0 - SUBJECT ADDED ENTRY--TOPICAL TERM | |
| Topical term or geographic name entry element | Discursive psychology. |
| 9 (RLIN) | 4165 |
| 942 ## - ADDED ENTRY ELEMENTS (KOHA) | |
| Institution code [OBSOLETE] | SADA |
| Koha item type | Book |
| Call number prefix | 305.301 TAY 2010 |
| Source of classification or shelving scheme | |
| Withdrawn status | Lost status | Source of classification or shelving scheme | Damaged status | Not for loan | Permanent Location | Current Location | Date acquired | Total Checkouts | Total Renewals | Full call number | Barcode | Date last seen | Date last checked out | Cost, replacement price | Price effective from | Koha item type |
|---|---|---|---|---|---|---|---|---|---|---|---|---|---|---|---|---|
| School of Art Design and Architecture (SADA) | School of Art Design and Architecture (SADA) | 06/03/2011 | 11 | 2 | 305.301 TAY 2010 | SADA0001188 | 02/04/2025 | 04/16/2024 | 3010.00 | 08/05/2011 | Book |
